01673nam a2200421 i 450000100060000000300090000600500170001500800410003202000150007304000360008804100130012404600090013708000130014608000130015908000150017224501080018724600770029526000330037233600270040533700540043233800280048638000160051438800100053049001050054050000960064550400240074154600290076565000140079465000280080865000250083665800260086165800340088765000260092170000420094771000730098983000910106285600980115351851KOSZ 00520221227131821.0070707s2006 pl f |000 0 pol d a8389693062 cKOSZ 005aKOSZ 005dKOSZ 005/HR0 apolbeng k2006 a711(438) a378(438) a332.1(438)00aTeoria i praktyka w zakresie edukacji kadr dla gospodarki przestrzennej /cpod red. Tadeusza Kudłacza.31aTheory and practice in the education of personel for the spatial economy aWarszawa :bKPZK PAN,c2006. 2rdacontentaTekstbtxt 2rdamediaaBez urządzenia pośredniczącegobn 2rdacarrieraWoluminbnc aKsiążki a2001-1 aBiuletyn / Polska Akademia Nauk. Komitet Przestrzennego Zagospodarowania Kraju,x0079-3493 ;vz. 224 aTyt. równol.: Theory and practice in the education of personel for the spatial economy".  aBibliogr. przy art. aStreszcz. ang. przy art. 4aNauczanie 4aPlanowanie przestrzenne 4aSzkolnictwo wyższe aEdukacja i pedagogika aGospodarka, ekonomia, finanse 4aGospodarka regionalna1 aKudłacz, Tadeuszd(1949- )eRedakcja2 aKomitet Przestrzennego Zagospodarowania Kraju (Polska Akademia Nauk) 0aBiuletyn - Polska Akademia Nauk. Komitet Przestrzennego Zagospodarowania Krajuvz. 224 uhttp://koha.tu.koszalin.pl/cgi-bin/koha/opac-detail.pl?biblionumber=51851yKatalog online BPK